01142nam a2200289 i 4500001001000000003000900010005001700019007000300036008004100039040003000080082003000110245009700140264007000237300004500307336002800352337003300380338003000413490002300443590002700466651005400493651005400547700004100601910003700642942001400679952014200693999001700835000026934DO-SdBNP20240112132350.0ta110328s1991 ht a 000 | hat d aDO-SdBNPbspacBNPHUerda 4a327.729307294bA977re22200aAyiti , República Dominicana :bau seuil des années 90 /cintroducción de Susy Castor. aPuerto-Principe, Haití :bCentre de Recherches Sociales,c1991. a159 páginas :bilustraciones ;c22 cm. 2rdacontent atextobtxt 2rdamediaasin mediaciónbn 2rdacarrieravolumen bnc0 aDossier Haiti ;v4 aInventariado, 2023/MFF 4aHaitíxRelacioneszRepública Dominicana92614 4aRepública DominicanaxRelacioneszHaití951531 aCastor, Susy,eintroducción954035 aValidado. Control de calidad MFF 2ddccLBS1 00102ddc51708PDaBNPHUbBNPHUcHDd2011-03-28l0oBNPHU PD 327.729307294 A977rep26934-10r2020-06-25w2020-06-25yLBS1ZNo se presta c26426d26426